Texte et discours: catégories pour l'analyse

Salvato in:
Dettagli Bibliografici
Autori principali: Adam, Jean-Michel (Autore), Grize, Jean-Blaize (Autore), Bouacha, Magid Ali (Autore)
Natura: Libro
Lingua:francese
Pubblicazione: Dijón Universitaires de Dijon 2004
Serie:Collection Langages
Soggetti:
Tags: Aggiungi Tag
Nessun Tag, puoi essere il primo ad aggiungerne!!

MARC

LEADER 00000nam a2200000 a 4500
001 UCK7966
003 CL-VaPUC
008 060105e20040000fr |||||||||||||||||fre|d
020 |a 2905965924 
082 0 4 |a 401.41  |b ADA  |2 21 
100 0 |a Adam, Jean-Michel  |e author  |9 497702 
700 0 |a Grize, Jean-Blaize  |e author  |9 497703 
700 0 |a Bouacha, Magid Ali  |e author  |9 497704 
245 1 0 |a Texte et discours: catégories pour l'analyse 
300 |a 272 p 
942 |c BK 
945 |d 20060105 00:00:00  |a cmena 
260 |a Dijón  |b Universitaires de Dijon  |c 2004 
650 0 |a Análisis del discurso  |9 256696 
650 0 |a Argumentación   |9 257103 
650 0 |a Filosofía del lenguaje  |9 257082 
583 |a last modification  |c 20171221 04:48:36  |k Rodrigo Vera 
490 0 |a Collection Langages 
999 |c 315804  |d 315802 
952 |0 0  |1 0  |4 0  |6 401_410000000000000_ADA_2004  |7 0  |8 A  |9 389577  |a FDOPOS  |b FDOPOS  |d 2019-11-22  |i 4200039  |o 401.41 ADA 2004  |p 4200039  |r 2025-01-22  |w 2019-11-22  |y BK  |k MLA